000 00822nam a22002655i 4500
001 11077
003 ES-MaACL
005 20250302182153.0
007 t|
008 921119s1992 sp ||||0| spa j
020 _a84-376-1123-7
040 _aM-BN
_bspa
_cM-BN
080 _a860-83"15"
100 1 _aValdés, Alfonso de.
_9112500
245 1 0 _aDiálogo de las cosas acaecidas en Roma /
_cAlfonso de Valdés ; edición de Rosa Navarro Durán.
260 _aMadrid :
_bCátedra,
_cD.L. 1992.
300 _a236 p :
_bil ;
_c18 cm.
490 1 _aLetras hispánicas ;
_v357
504 _aBibliografía: p. 73-76.
700 1 _aNavarro Durán, Rosa,
_d1947-
_985123
830 0 0 _aLetras hispánicas ;
_v357
_9235703
852 _aES-MaACL
_jL-18405
_bR.121927
942 _2udc
999 _c11077
_d11077